Guess the 80s Song from the Lyrics - Statistics

General Stats
  • This quiz has been taken 120 times
  • The average score is 9 of 15
Answer Stats
Hint Answer % Correct
Risin' up, back on the street Did my time, took my chances Went the distance, now I'm back on my feet Just a man and his will to survive Eye of the Tiger
89%
It's close to midnight And something evil's lurking in the dark Under the moonlight You see a sight that almost stops your heart You try to scream But terror takes the sound before you make it You start to freeze As horror looks you right between the eyes You're paralyzed Thriller
89%
And every move you make Every bond you break, every step you take I'll be watchin' you Every single day And every word you say Every game you play, every night you stay I'll be watchin' you Every Breath You Take
85%
I'm never gonna dance again Guilty feet have got no rhythm Though it's easy to pretend I know you're not a fool I should have known better than to cheat a friend And waste the chance that I'd been given So I'm never gonna dance again The way I danced with you, oh Careless Whisper
81%
Tommy used to work on the docks, union's been on strike He's down on his luck, it's tough, so tough Gina works the diner all day, working for her man She brings home her pay, for love, mmm, for love She says, "We've gotta hold on to what we've got It doesn't make a difference if we make it or not We've got each other and that's a lot for love We'll give it a shot" Livin on a Prayer
80%
Some of them want to use you Some of them want to get used by you Some of them want to abuse you Some of them want to be abused Sweet Dreams
76%
She's got a smile that it seems to me Reminds me of childhood memories Where everything was as fresh as the bright blue sky Now and then, when I see her face She takes me away to that special place And if I stared too long, I'd probably break down and cry Sweet Child 'o Mine
72%
She's been living in her white-bred world As long as anyone with hot blood can And now, she's looking for a downtown man That's what I am Uptown Girl
67%
I come home, in the mornin' light My mother says, "When you gonna live your life right?" Oh momma dear, we're not the fortunate ones Girls Just Wanna Have Fun
66%
Welcome to your life There's no turning back Even while we sleep We will find you Acting on your best behaviour Turn your back on Mother Nature Everybody wants to rule the world
60%
I saw him dancin' there by the record machine I knew he must a been about seventeen The beat was goin' strong Playin' my favorite song And I could tell it wouldn't be long 'Til he was with me, yeah, me And I could tell it wouldn't be long 'Til he was with me, yeah, me, singin' I love Rock n Roll
42%
I made it through the wilderness Somehow I made it through Didn't know how lost I was Until I found you I was beat, incomplete I've been had, I was sad and blue But you made me feel Yeah, you made me feel Shiny and new Like a Virgin
42%
We're leaving together But still it's farewell And maybe we'll come back To earth, who can tell? I guess there is no one to blame We're leaving ground (leaving ground) Will things ever be the same again? Final Countdown
34%
Watching every motion in my foolish lover's game On this endless ocean, finally, lovers know no shame Turning and returning to some secret place inside Watching in slow motion as you turn around and say Take My Breath Away
26%
He's laughing with another girl And playing with another heart Placing high stakes making hearts ache He's loved in seven languages Diamond nights and ruby lights high in the sky Heaven help him when he falls Smooth Operator
9%
No matching quizzes found
Score Distribution
Percent of People with Each Score
Percentile by Number Answered
Your Score History
You have not taken this quiz